00543 2200169 4500245006900000020001800069250001100087100001900098650001700117005001900134260002800153041001400181084000800195300002800203500013300231336000900364 aNgenest 2 b : Ngetawain Hidup Ala ErnestcErnest PrakasahText a9786021684023 aCet. 1 aErnest Prakasa aNovel Komedi a20231004141437 aJakartabRak Bukuc2014 aIndonesia a813 axii, 172 hlm. :c20 cm. aBus di jepang itu ongkosnya dibayar dengan cara masukin duit ke kotak yang ada di samping supir. Mau kabur tanpa bayar pun bisa. atext